Efectividad de la radio para difundir conceptos legales.

保存先:
書誌詳細
第一著者: González, Elena (autor)
その他の著者: Fuenzalida Ceneca, Valerio, coaut (autor) coaut, (autor), Morel, Consuelo, coaut (autor) coaut, (autor), Aguilar, Claudio, coaut (autor) coaut, (autor)
フォーマット: 不明
言語:スペイン語
主題:
オンライン・アクセス:Ver documento en línea
タグ: タグ追加
タグなし, このレコードへの初めてのタグを付けませんか!

MARC

LEADER 00000c**#a2200000ua#4500
001 000500530
003 DLC
005 20260417000000.0
008 070820c^^^^9999^^^^r1^^^^^^^^0^^^^0spa^d
009 20260417114220.952
022 |a 01851284 
035 |a FCE 000044699 
037 |a Acervo ITESO - Biblioteca 
041 |a spa 
095 |a RLEE  |b 78-2-148. 
100 |a González, Elena  |e (autor) 
245 1 0 |a Efectividad de la radio para difundir conceptos legales. 
264 |a México :  |b Centro de Estudios Educativos,  |c 1978. 
336 |a texto  |b txt  |2 rdacontenido 
337 |a sin mediación  |b n  |2 rdamedio 
338 |a volumen  |b nc  |2 rdasoporte 
649 |a XX 
650 |a Legislación 
650 |a Educación radiofónica 
650 |a Chile 
740 |g vol. 8, no. 2, 1978, pp. 148-159.  |t Revista Latinoamericana de Estudios Educativos. Informes y notas, 
700 |a Fuenzalida Ceneca, Valerio,  |e coaut  |e (autor) 
700 |a Morel, Consuelo,  |e coaut  |e (autor) 
700 |a Aguilar, Claudio,  |e coaut  |e (autor) 
856 4 0 |u https://www.cee.edu.mx/rlee/revista/r1971_1980/r_texto/t_1978_2_07.pdf  |y Ver documento en línea 
910 |a Fondo Centro de Estudios Educativos 
920 |a Impresos - Libros 
930 |a Fondos Especiales 
905 |a 133 
902 |a https://opac.biblio.iteso.mx/vufind/Record/000500530